Vista normal Vista MARC

Entrada Personal Name

Número de registros utilizados en: 3

001 - CONTROL NUMBER

  • control field: 36042

003 - CONTROL NUMBER IDENTIFIER

  • control field: OSt

005 - DATE AND TIME OF LATEST TRANSACTION

  • control field: 20210312202118.0

008 - FIXED-LENGTH DATA ELEMENTS

  • fixed length control field: 210312|| aca||aabn | a|a d

040 ## - CATALOGING SOURCE

  • Original cataloging agency: OSt
  • Transcribing agency: OSt

100 ## - HEADING--PERSONAL NAME

  • Personal name: Powell, Andrew

670 ## - SOURCE DATA FOUND

  • Source citation: Work cat.: (OSt): Powell, Andrew, coordinador, Replantear las reformas : , 2013